| 000 | 00501nam a2200193Ia 4500 | ||
|---|---|---|---|
| 005 | 20140404083322.0 | ||
| 008 | 140130s9999 xx 000 0 und d | ||
| 020 | _a9780545061612 | ||
| 050 |
_aPZ 7 _b.P278338Fi 2008 |
||
| 100 |
_aPaul, Ann Whitford _931143 |
||
| 245 |
_cPaul, Ann Whitford _aFiesta fiasco / |
||
| 260 |
_bScholastic, _c2008 _aNew York : |
||
| 300 |
_a30 p. : _bcol. ill. ; _c24 cm. |
||
| 440 |
_v1 _931144 |
||
| 521 | _aG2 | ||
| 526 | _c340 | ||
| 942 |
_cBK _2lcc |
||
| 999 |
_c40166 _d40166 |
||